[Event "P-4771"]
[Site "IECC email"]
[Date "2012.08.07"]
[Round "?"]
[White "Winsemius, Hans"]
[Black "Pleijsier, Hans"]
[Result "1/2-1/2"]
[WhiteElo "1568"]
[BlackElo "1373"]
[PlyCount "61"]
[EventDate "2012.??.??"]
[EventType "tourn (corr)"]
[SourceTitle "Telechess CBM 165"]
[Source "ChessBase"]
[SourceDate "2015.03.11"]
[SourceVersion "1"]
[SourceVersionDate "2015.03.11"]
[SourceQuality "1"]
[WhiteTeam "Netherlands"]
[BlackTeam "Netherlands"]
[WhiteTeamCountry "NED"]
[BlackTeamCountry "NED"]

1. e4 c6 2. d4 d5 3. exd5 cxd5 4. c4 Nf6 5. c5 Nc6 6. Bb5 e6 7. b4 Be7 8. Nf3 0-0 9. 0-0 Nxb4 10. Qa4 Nc6 11. Bxc6 bxc6 12. Ne5 Bb7 13. Nxc6 Bxc6 14. Qxc6 Rc8 15. Qb7 e5 16. dxe5 Ng4 17. Nd2 Nxe5 18. Nb3 Nd3 19. Be3 Nxc5 20. Bxc5 Bxc5 21. Nxc5 Rxc5 22. Qxa7 Rc2 23. Rac1 Rxc1 24. Rxc1 Re8 25. Rd1 g6 26. Qd4 Re2 27. a4 Qa5 28. Kf1 Re4 29. Qd2 Qxa4 30. Qxd5 Qc4+ 31. Qxc4 1/2-1/2

[Event "IECC KO-2053"]
[Site "IECC email"]
[Date "2005.05.23"]
[Round "?"]
[White "Winsemius, Hans"]
[Black "Corthals, Ivo"]
[Result "0-1"]
[WhiteElo "1606"]
[BlackElo "1785"]
[PlyCount "58"]
[EventDate "2004.??.??"]
[EventType "match (corr)"]
[EventRounds "2"]
[SourceTitle "Corr 2008"]
[Source "ChessBase"]
[SourceDate "2008.06.24"]
[SourceVersion "1"]
[SourceVersionDate "2008.06.24"]
[SourceQuality "1"]

1. d4 Nf6 2. Nc3 d5 3. e4 dxe4 4. f3 exf3 5. Nxf3 g6 6. Bc4 Bg7 7. 0-0 0-0 8. Qe1 Nc6 9. Qh4 Bg4 10. Be3 Bxf3 11. Rxf3 Qd7 12. Raf1 Rad8 13. Ne2 Qg4 14. Qf2 Ne4 15. Qe1 Nd6 16. h3 Qd7 17. Bb3 e5 18. d5 Ne7 19. Ng3 f5 20. Ne2 f4 21. Bf2 Nef5 22. c3 g5 23. Bc5 Qb5 24. Bxd6 Rxd6 25. c4 Qb6+ 26. Kh1 e4 27. R3f2 Bxb2 28. Qb1 Bd4 29. Nxd4 Qxd4 0-1

[Event "IECC KO-2053"]
[Site "IECC email"]
[Date "2005.04.13"]
[Round "?"]
[White "Harrop, Greg"]
[Black "Winsemius, Hans"]
[Result "0-1"]
[WhiteElo "1318"]
[BlackElo "1608"]
[PlyCount "96"]
[EventDate "2004.??.??"]
[EventType "match (corr)"]
[EventRounds "2"]
[SourceTitle "Corr 2020"]
[Source "ChessBase"]
[SourceDate "2019.09.30"]
[SourceVersion "1"]
[SourceVersionDate "2019.09.30"]
[SourceQuality "1"]
[WhiteTeam "England"]
[BlackTeam "Netherlands"]
[WhiteTeamCountry "ENG"]
[BlackTeamCountry "NED"]

1. e4 e6 2. d4 d5 3. exd5 exd5 4. Qe2+ Be7 5. Nc3 Nf6 6. Bg5 0-0 7. 0-0-0 Nc6 8. h3 Be6 9. Bf4 Bb4 10. Nb5 Rc8 11. c3 Be7 12. Nf3 a6 13. Na3 Bxa3 14. bxa3 Na5 15. Qc2 c5 16. Be5 cxd4 17. Nxd4 Nc6 18. Re1 Nxd4 19. Bxd4 Ne4 20. Re3 Qd6 21. Qb2 Qf4 22. g3 Qxf2 23. Qxf2 Nxf2 24. Rh2 Ne4 25. g4 b5 26. Rb2 Rc6 27. Bg2 f5 28. Bxe4 fxe4 29. Rd2 Rf1+ 30. Kc2 Kf7 31. Kb3 a5 32. Rb2 Kg6 33. Rh2 Rc8 34. Ree2 Rcf8 35. Rhf2 R8xf2 36. Rxf2 Rxf2 37. Bxf2 h5 38. gxh5+ Kxh5 39. a4 bxa4+ 40. Kxa4 Bxh3 41. Kxa5 Kg4 42. a4 Kf3 43. Bd4 e3 44. Bxe3 Kxe3 45. Kb4 g5 46. a5 Bc8 47. Kc5 g4 48. Kb6 g3 0-1

[Event "IECC CL4-2004.03 email"]
[Site "IECC email"]
[Date "2004.02.14"]
[Round "?"]
[White "Winsemius, Hans"]
[Black "Oseledets, Kirill Valerievich"]
[Result "1/2-1/2"]
[WhiteElo "1603"]
[BlackElo "1665"]
[PlyCount "124"]
[EventDate "2004.??.??"]
[EventType "tourn (corr)"]
[EventRounds "4"]
[SourceTitle "Corr 2008"]
[Source "ChessBase"]
[SourceDate "2008.06.24"]
[SourceVersion "1"]
[SourceVersionDate "2008.06.24"]
[SourceQuality "1"]

1. e4 c5 2. d4 cxd4 3. c3 dxc3 4. Nxc3 e6 5. Bc4 Nf6 6. Nf3 d5 7. exd5 exd5 8. Nxd5 Nxd5 9. Bxd5 Bb4+ 10. Kf1 Be7 11. Qb3 0-0 12. Ne5 Bc5 13. Nxf7 Qf6 14. Qc2 Be6 15. Bxe6 Qxe6 16. Nh6+ gxh6 17. Qxc5 Nc6 18. Qe3 Qc4+ 19. Qe2 Qd5 20. Bxh6 Rf6 21. Be3 Rd8 22. b3 Ne5 23. Re1 Rg6 24. f3 Nd3 25. Rd1 Re6 26. Rd2 b5 27. g3 Kf7 28. Rg1 b4 29. Rg2 Rc6 30. Rd1 Rf6 31. Rf2 Re6 32. Rd2 Red6 33. g4 a6 34. Rg2 Rc6 35. Rg1 Rg6 36. g5 Qf5 37. Rg4 Rc6 38. Kg2 Re6 39. Rc4 a5 40. f4 Kg8 41. Kg3 h6 42. h4 h5 43. Qf3 Rf8 44. Bf2 Ne5 45. Rd5 Nxf3 46. Rxf5 Rxf5 47. Kxf3 Re8 48. Be3 Rd5 49. Rd4 Rc5 50. g6 Ra8 51. Rxb4 axb4 52. Bxc5 Rxa2 53. Bxb4 Rb2 54. Ke4 Rxb3 55. Bc5 Kg7 56. f5 Rg3 57. Bd4+ Kh6 58. g7 Kh7 59. Be5 Rg1 60. Kd5 Rf1 61. f6 Kg8 62. Ke6 Rf2 1/2-1/2

[Event "IECC TH-M-2372"]
[Site "IECC email"]
[Date "2004.02.03"]
[Round "?"]
[White "Winsemius, Hans"]
[Black "Laureles, Raymundo"]
[Result "0-1"]
[WhiteElo "1596"]
[BlackElo "1610"]
[PlyCount "120"]
[EventDate "2004.??.??"]
[EventType "tourn (corr)"]
[SourceTitle "Corr 2020"]
[Source "ChessBase"]
[SourceDate "2019.09.30"]
[SourceVersion "1"]
[SourceVersionDate "2019.09.30"]
[SourceQuality "1"]
[WhiteTeam "Netherlands"]
[BlackTeam "South Africa"]
[WhiteTeamCountry "NED"]
[BlackTeamCountry "RSA"]

1. d4 Nf6 2. c4 e5 3. dxe5 Ne4 4. a3 Qh4 5. g3 Qh5 6. Nf3 Nc6 7. Qc2 Qf5 8. Nbd2 Nxg3 9. e4 Nxe4 10. Qxe4 d6 11. Qxf5 Bxf5 12. Nb3 dxe5 13. Be3 Bc2 14. Nbd2 f5 15. Rc1 Ba4 16. Nb1 f4 17. Bd2 0-0-0 18. Nc3 Bb3 19. Nd5 Bc5 20. Rc3 Na5 21. Nxe5 Rhe8 22. Bxf4 g5 23. Bh3+ Kb8 24. Rxb3 Nxb3 25. Bg3 Bd4 26. Nf6 Re7 27. 0-0 Bxe5 28. Bxe5 Rxe5 29. Nd7+ Rxd7 30. Bxd7 Nd2 31. Rc1 c5 32. Kg2 Kc7 33. Bg4 Re4 34. Bf5 Rxc4 35. Re1 Rf4 36. Bxh7 Rg4+ 37. Kh1 Kd6 38. Re3 Rf4 39. Rd3+ Rd4 40. Rg3 g4 41. h3 gxh3 42. Rxh3 Nc4 43. b4 cxb4 44. axb4 Kc6 45. Kg2 Kb5 46. Rb3 Ne5 47. Re3 Nc4 48. Rb3 b6 49. Kg3 Ka4 50. Rb1 Rd2 51. f4 Na3 52. Rf1 Kxb4 53. f5 Nc4 54. f6 Rd8 55. f7 Rf8 56. Kh4 Ne5 57. Bg8 a5 58. Kg5 a4 59. Kf6 Nxf7 60. Ke7 Rxg8 0-1